header

Adjudicatory authority in private international law (Record no. 7175)

MARC details
000 -LEADER
fixed length control field 02299nam a22003854a 4500
001 - CONTROL NUMBER
control field ebr10271045
003 - CONTROL NUMBER IDENTIFIER
control field CaPaEBR
006 - FIXED-LENGTH DATA ELEMENTS--ADDITIONAL MATERIAL CHARACTERISTICS--GENERAL INFORMATION
fixed length control field m u
007 - PHYSICAL DESCRIPTION FIXED FIELD--GENERAL INFORMATION
fixed length control field cr cn|||||||||
008 - FIXED-LENGTH DATA ELEMENTS--GENERAL INFORMATION
fixed length control field 080124s2007 ne sb 001 0 eng d
010 ## - LIBRARY OF CONGRESS CONTROL NUMBER
Canceled/invalid LC control number 2008270929
020 ## - INTERNATIONAL STANDARD BOOK NUMBER
Cancelled/invalid ISBN 9789004158818 (hbk. : alk. paper)
Cancelled/invalid ISBN 9004158812 (hbk. : alk. paper)
040 ## - CATALOGING SOURCE
Original cataloging agency CaPaEBR
Transcribing agency CaPaEBR
035 ## - SYSTEM CONTROL NUMBER
System control number (OCoLC)304398100
043 ## - GEOGRAPHIC AREA CODE
Geographic area code e------
050 14 - LIBRARY OF CONGRESS CALL NUMBER
Classification number K7625
Item number .V66 2007eb
100 1# - MAIN ENTRY--PERSONAL NAME
Personal name Von Mehren, Arthur Taylor.
245 10 - TITLE STATEMENT
Title Adjudicatory authority in private international law
Medium [electronic resource] :
Remainder of title a comparative study /
Statement of responsibility, etc by Arthur T. von Mehren ; completed with the assistance of Dr. Eckart Gottschalk.
260 ## - PUBLICATION, DISTRIBUTION, ETC. (IMPRINT)
Place of publication, distribution, etc Leiden ;
-- Boston :
Name of publisher, distributor, etc Martinus Nijhoff Publishers,
Date of publication, distribution, etc c2007.
300 ## - PHYSICAL DESCRIPTION
Extent xxv, 382 p.
490 1# - SERIES STATEMENT
Series statement Hague Academy of International Law monographs ;
Volume number/sequential designation v. 5
504 ## - BIBLIOGRAPHY, ETC. NOTE
Bibliography, etc Includes bibliographical references and index.
505 0# - FORMATTED CONTENTS NOTE
Formatted contents note Adjudicatory authority : reasons for its existence and its principal types -- The design of jurisdictional provisions -- The emergence of jurisdictional theory in the United States and Germany -- Basic themes and pervasive issues -- The actor sequitur forum rei principle : are defendants jurisdictionally preferred? Should they be? -- Consent and adjudicatory authority : consequences of splitting causes of action, participating as a litigant, and choice of forum agreements -- Forum shopping and fine-tuning : herein of forum non conveniens, antisuit injunctions, and lis pendens -- Convergence and compromise in private international law : the role of international instruments.
533 ## - REPRODUCTION NOTE
Type of reproduction Electronic reproduction.
Place of reproduction Palo Alto, Calif. :
Agency responsible for reproduction ebrary,
Date of reproduction 2013.
Note about reproduction Available via World Wide Web.
-- Access may be limited to ebrary affiliated libraries.
650 #0 - SUBJECT ADDED ENTRY--TOPICAL TERM
Topical term or geographic name as entry element Conflict of laws
General subdivision Jurisdiction.
Topical term or geographic name as entry element Jurisdiction (International law)
Topical term or geographic name as entry element Forum shopping.
Topical term or geographic name as entry element Conflict of laws
General subdivision Jurisdiction
Geographic subdivision Europe.
655 #7 - INDEX TERM--GENRE/FORM
Genre/form data or focus term Electronic books.
Source of term local
700 1# - ADDED ENTRY--PERSONAL NAME
Personal name Gottschalk, Eckart.
710 2# - ADDED ENTRY--CORPORATE NAME
Corporate name or jurisdiction name as entry element ebrary, Inc.
830 #0 - SERIES ADDED ENTRY--UNIFORM TITLE
Uniform title Hague Academy of International Law monographs ;
Volume number/sequential designation v. 5.
856 40 - ELECTRONIC LOCATION AND ACCESS
Uniform Resource Identifier <a href="http://site.ebrary.com/lib/rucke/Doc?id=10271045">http://site.ebrary.com/lib/rucke/Doc?id=10271045</a>
Public note An electronic book accessible through the World Wide Web; click to view

No items available.

© 2026 Rongo University
Contact us: librarian | system librarian | Rongo university